[Event "Mar de Ajo op 6th"]
[Site "Mar de Ajo"]
[Date "2024.11.10"]
[Round "5"]
[White "Tumini, Leandro"]
[Black "Tokman, Ariel"]
[Result "0-1"]
[WhiteElo "2096"]
[BlackElo "2390"]
[PlyCount "38"]
[EventDate "2024.11.08"]
[EventType "swiss"]
[EventRounds "6"]
[EventCountry "ARG"]
[SourceTitle "CB45_2024"]
[Source "ChessBase"]
[SourceDate "2024.11.06"]
[SourceVersion "1"]
[SourceVersionDate "2024.11.06"]
[SourceQuality "1"]

1. Nf3 d5 2. g3 Nf6 3. Bg2 e6 4. 0-0 Be7 5. d3 0-0 6. Nbd2 c5 7. e4 Nc6 8. Re1 b5 9. e5 Nd7 10. c4 Nb4 11. Nf1 bxc4 12. dxc4 dxc4 13. N3d2 Ba6 14. Bxa8 Qxa8 15. Nxc4 Rd8 16. Qb3 Qd5 17. Nfe3 Qe4 18. a3 Nd3 19. f3 Bxc4 0-1

[Event "Mar de Ajo op 6th"]
[Site "Mar de Ajo"]
[Date "2024.11.08"]
[Round "2"]
[White "Tumini, Leandro"]
[Black "Avedisian, Alexander"]
[Result "1-0"]
[WhiteElo "2096"]
[BlackElo "1920"]
[PlyCount "73"]
[EventDate "2024.11.08"]
[EventType "swiss"]
[EventRounds "6"]
[EventCountry "ARG"]
[SourceTitle "CB45_2024"]
[Source "ChessBase"]
[SourceDate "2024.11.06"]
[SourceVersion "1"]
[SourceVersionDate "2024.11.06"]
[SourceQuality "1"]

1. d4 Nf6 2. c4 g6 3. Nc3 Bg7 4. e4 d6 5. f3 0-0 6. Be3 c5 7. dxc5 dxc5 8. Qxd8 Rxd8 9. Bxc5 Nc6 10. Rd1 Rxd1+ 11. Nxd1 Nd7 12. Ba3 a5 13. Nc3 Nb4 14. Kd1 Ne5 15. Be2 Be6 16. Nd5 Rd8 17. Bxb4 axb4 18. Kc2 Nc6 19. Kb1 Kf8 20. f4 f5 21. Nc7 Bf7 22. e5 Nd4 23. b3 g5 24. g3 gxf4 25. gxf4 Bh6 26. e6 Bxf4 27. Nd5 Nxe6 28. Nf3 Bd6 29. Bd3 Nc5 30. Bc2 b5 31. Rf1 e6 32. Ne3 Be8 33. h4 h6 34. Nd4 Ke7 35. cxb5 Ne4 36. Bxe4 fxe4 37. Nc4 1-0

[Event "Pinamar U2200 1st"]
[Site "Pinamar"]
[Date "2019.05.04"]
[Round "2.1"]
[White "Navarro, Gustavo"]
[Black "Tumini, Leandro"]
[Result "1-0"]
[WhiteElo "1981"]
[BlackElo "2167"]
[PlyCount "61"]
[EventDate "2019.05.03"]
[EventType "swiss"]
[EventRounds "6"]
[EventCountry "ARG"]
[SourceTitle "EXT 2024"]
[Source "ChessBase"]
[SourceDate "2023.10.10"]
[SourceVersion "1"]
[SourceVersionDate "2023.10.10"]
[SourceQuality "1"]

1. c4 e6 2. g3 f5 3. Nf3 Nf6 4. Bg2 Be7 5. 0-0 0-0 6. Nc3 c6 7. e3 d6 8. d4 Qe8 9. b4 e5 10. c5 e4 11. Nd2 d5 12. b5 g5 13. f4 exf3 14. Nxf3 Ne4 15. Qb3 Kh8 16. Ne5 Bf6 17. bxc6 bxc6 18. Nxe4 fxe4 19. Bd2 Ba6 20. Rf2 Nd7 21. Nxc6 Bc4 22. Qa3 Nxc5 23. Qxc5 Rc8 24. Bh3 Rxc6 25. Qxa7 Rf7 26. Qa4 Bb5 27. Qd1 Bd3 28. Qh5 Kg7 29. Bf5 Kg8 30. Bxh7+ Kf8 31. Bg6 1-0

[Event "Pinamar op"]
[Site "Pinamar"]
[Date "2015.04.26"]
[Round "6"]
[White "Galan, Jorge Alonso"]
[Black "Tumini, Leandro"]
[Result "0-1"]
[WhiteElo "2024"]
[BlackElo "2121"]
[PlyCount "102"]
[EventDate "2015.04.24"]
[EventType "swiss"]
[EventRounds "6"]
[EventCountry "ARG"]
[SourceTitle "CBM 166 Extra"]
[Source "ChessBase"]
[SourceDate "2015.06.18"]
[SourceVersion "1"]
[SourceVersionDate "2015.06.18"]
[SourceQuality "1"]

1. c4 e6 2. e4 c5 3. Nf3 Nc6 4. d4 cxd4 5. Nxd4 Nf6 6. Nxc6 bxc6 7. Nc3 Bb4 8. Bd2 Bxc3 9. Bxc3 Nxe4 10. Qg4 Nxc3 11. Qxg7 Rf8 12. Qxc3 Qg5 13. Rd1 c5 14. Qg3 Rg8 15. Qc7 Qf6 16. Rd2 Rg5 17. f4 Rf5 18. g3 Qd8 19. Qxd8+ Kxd8 20. Bd3 Rh5 21. h4 Bb7 22. 0-0 f5 23. Re1 Rh6 24. Bc2 Kc7 25. Red1 Bc6 26. Kf2 Rb8 27. b3 Rg6 28. Re1 Rbg8 29. Bd3 a5 30. Bc2 Ra8 31. Re5 Kb6 32. a3 a4 33. b4 cxb4 34. axb4 a3 35. Bb3 Be4 36. Rb5+ Kc7 37. Rc5+ Bc6 38. Ba2 Kb6 39. Re5 Ra4 40. b5 Be4 41. Rd6+ Kc7 42. Rd2 Rb4 43. Rc5+ Kb6 44. Rc8 Rb2 45. Rxb2 axb2 46. c5+ Kb7 47. Re8 b1Q 48. c6+ Kc7 49. Bxb1 Bxb1 50. b6+ Kxc6 51. Rc8+ Kb7 0-1

[Event "ARG-ch sf 84th"]
[Site "La Plata"]
[Date "2009.05.02"]
[Round "4"]
[White "Escudero, Leonardo"]
[Black "Tumini, Leandro"]
[Result "0-1"]
[WhiteElo "1618"]
[BlackElo "2097"]
[PlyCount "46"]
[EventDate "2009.04.30"]
[EventType "swiss"]
[EventRounds "9"]
[EventCountry "ARG"]
[SourceTitle "CBM 130 Extra"]
[Source "ChessBase"]
[SourceDate "2009.07.02"]
[SourceVersion "2"]
[SourceVersionDate "2009.07.15"]
[SourceQuality "1"]

1. e4 d6 2. d4 Nf6 3. Nc3 g6 4. h3 Bg7 5. Nf3 0-0 6. Be3 e5 7. Bc4 Nc6 8. Bg5 exd4 9. Nd5 Re8 10. Qd3 h6 11. Nxf6+ Bxf6 12. Bxh6 d5 13. 0-0-0 dxc4 14. Qxc4 Rxe4 15. h4 Be6 16. Qd3 Bf5 17. Ng5 Rxh4 18. Qd2 Rxh1 19. Rxh1 Qd5 20. Kb1 a5 21. f3 Nb4 22. b3 Bxc2+ 23. Kc1 d3 0-1

[Event "Pinamar IRT Cinco Soles"]
[Site "Pinamar"]
[Date "2008.04.01"]
[Round "8"]
[White "Vasconcelos, Danilo Nunes"]
[Black "Tumini, Leandro"]
[Result "0-1"]
[WhiteElo "1967"]
[BlackElo "2100"]
[PlyCount "142"]
[EventDate "2008.03.25"]
[EventType "tourn"]
[EventRounds "9"]
[EventCountry "ARG"]
[SourceTitle "CBM 123 Extra"]
[Source "ChessBase"]
[SourceDate "2008.05.06"]
[SourceVersion "1"]
[SourceVersionDate "2008.05.06"]
[SourceQuality "1"]

1. e4 c5 2. Nf3 Nc6 3. d4 cxd4 4. Nxd4 e5 5. Nb5 d6 6. N1c3 a6 7. Na3 b5 8. Nd5 Nce7 9. c4 Nxd5 10. cxd5 Nf6 11. Bd3 Be7 12. Nc2 0-0 13. 0-0 Nd7 14. Ne3 Nc5 15. Bc2 Bd7 16. h4 Bxh4 17. g3 Bg5 18. f4 exf4 19. gxf4 Bh6 20. b4 Na4 21. Qh5 Re8 22. Bd2 Qf6 23. Ng2 Qg6 24. Qh2 Qg4 25. Rae1 Rac8 26. Bd3 Qh3 27. Re3 Qxh2+ 28. Kxh2 Nb2 29. Bb1 Nc4 30. Re2 Nxd2 31. Rxd2 Rc4 32. a3 g6 33. Kg3 Bg7 34. Rf3 Rec8 35. Bd3 Rc3 36. Be2 Rxf3+ 37. Kxf3 Rc3+ 38. Rd3 Rxd3+ 39. Bxd3 Bb2 40. a4 Bc3 41. axb5 Bxb5 42. Bxb5 axb5 43. Ne3 Bxb4 44. e5 Bc5 45. Nf1 b4 46. Nd2 Kf8 47. Ke4 h5 48. f5 dxe5 49. Kxe5 h4 50. Kf4 g5+ 51. Kg4 f6 52. Nb3 Be3 53. Kf3 h3 54. d6 h2 55. Kg2 Bf4 56. d7 Ke7 57. Nc5 Be5 58. Kh1 g4 59. Kg2 g3 60. Kh1 Bd4 61. d8Q+ Kxd8 62. Ne6+ Ke7 63. Nxd4 Kd6 64. Nb3 Ke5 65. Nd2 Kxf5 66. Kg2 Kf4 67. Kh1 Ke3 68. Nf3 b3 69. Nh4 b2 70. Ng2+ Kf2 71. Ne1 Kxe1 0-1

[Event "Pinamar IRT Cinco Soles"]
[Site "Pinamar"]
[Date "2008.03.29"]
[Round "5"]
[White "Garcia Quiroga, Maximiliano"]
[Black "Tumini, Leandro"]
[Result "0-1"]
[WhiteElo "2015"]
[BlackElo "2100"]
[PlyCount "60"]
[EventDate "2008.03.25"]
[EventType "tourn"]
[EventRounds "9"]
[EventCountry "ARG"]
[SourceTitle "CBM 123 Extra"]
[Source "ChessBase"]
[SourceDate "2008.05.06"]
[SourceVersion "1"]
[SourceVersionDate "2008.05.06"]
[SourceQuality "1"]

1. d4 d5 2. Bg5 Nf6 3. Nd2 Bf5 4. e3 e6 5. f4 Be7 6. Ngf3 Nbd7 7. Be2 Ne4 8. Bxe7 Qxe7 9. Nxe4 Bxe4 10. 0-0 Bxf3 11. Bxf3 f5 12. c4 c6 13. Qc2 0-0 14. g4 g6 15. g5 h6 16. h4 hxg5 17. hxg5 Kg7 18. Kf2 Rh8 19. Rh1 Rxh1 20. Rxh1 Rh8 21. Kg3 Rxh1 22. Bxh1 Qb4 23. Qh2 Qe1+ 24. Kf3 Nf8 25. c5 b6 26. cxb6 axb6 27. a3 c5 28. dxc5 bxc5 29. b4 d4 30. exd4 cxd4 0-1

[Event "Pinamar-B"]
[Site "Pinamar"]
[Date "2006.04.07"]
[Round "9"]
[White "Tumini, Leandro"]
[Black "Quiroga, Facundo"]
[Result "0-1"]
[WhiteElo "2100"]
[BlackElo "2332"]
[PlyCount "62"]
[EventDate "2006.04.02"]
[EventType "tourn"]
[EventRounds "11"]
[EventCountry "ARG"]
[SourceTitle "CBM 111 Extra"]
[Source "ChessBase"]
[SourceDate "2006.05.09"]
[SourceVersion "1"]
[SourceVersionDate "2006.05.09"]
[SourceQuality "1"]

1. d4 c5 2. d5 Nf6 3. c4 e6 4. Nc3 exd5 5. cxd5 d6 6. e4 g6 7. Nf3 Bg7 8. Bd3 0-0 9. 0-0 a6 10. a4 Qc7 11. h3 Nbd7 12. Re1 Rb8 13. a5 Re8 14. Nd2 Ne5 15. Nc4 Nxc4 16. Bxc4 Nd7 17. f4 b5 18. axb6 Rxb6 19. Re2 Rb4 20. Bxa6 Bxa6 21. Rxa6 Bxc3 22. bxc3 Rbxe4 23. Rxe4 Rxe4 24. f5 Nf6 25. Bg5 Qe7 26. Ra8+ Kg7 27. Qd2 h5 28. fxg6 Kxg6 29. Bf4 Re1+ 30. Kh2 Qe4 31. Qf2 Qb1 0-1

[Event "Pinamar-B"]
[Site "Pinamar"]
[Date "2006.04.06"]
[Round "8"]
[White "Martinez, Alexsandro"]
[Black "Tumini, Leandro"]
[Result "1-0"]
[WhiteElo "2220"]
[BlackElo "2100"]
[PlyCount "35"]
[EventDate "2006.04.02"]
[EventType "tourn"]
[EventRounds "11"]
[EventCountry "ARG"]
[SourceTitle "CBM 111 Extra"]
[Source "ChessBase"]
[SourceDate "2006.05.09"]
[SourceVersion "1"]
[SourceVersionDate "2006.05.09"]
[SourceQuality "1"]

1. e4 e6 2. d4 d5 3. Nc3 Nc6 4. e5 f6 5. Nf3 fxe5 6. dxe5 Bd7 7. Bd3 Nb4 8. Be2 c5 9. a3 Nc6 10. 0-0 a6 11. Nxd5 exd5 12. Qxd5 Bg4 13. Qe4 Bxf3 14. Bxf3 g6 15. Rd1 Qe7 16. e6 Nd4 17. Bg5 Qg7 18. Rxd4 1-0

[Event "Pinamar-B"]
[Site "Pinamar"]
[Date "2006.04.03"]
[Round "3"]
[White "Perdomo, Leandro Daniel"]
[Black "Tumini, Leandro"]
[Result "1-0"]
[WhiteElo "2338"]
[BlackElo "2100"]
[PlyCount "49"]
[EventDate "2006.04.02"]
[EventType "tourn"]
[EventRounds "11"]
[EventCountry "ARG"]
[SourceTitle "CBM 111 Extra"]
[Source "ChessBase"]
[SourceDate "2006.05.09"]
[SourceVersion "1"]
[SourceVersionDate "2006.05.09"]
[SourceQuality "1"]

1. d4 e6 2. c4 d5 3. Nc3 c6 4. Nf3 f5 5. Bf4 Nf6 6. e3 Be7 7. Bd3 0-0 8. Qc2 Ne4 9. g4 Bb4 10. Ke2 Bd6 11. Bxd6 Qxd6 12. gxf5 exf5 13. cxd5 Nxc3+ 14. bxc3 cxd5 15. Rag1 Nd7 16. Rg2 Nf6 17. Ne5 Be6 18. Rhg1 Ne8 19. Bb5 g6 20. Bxe8 Raxe8 21. h4 Kh8 22. h5 gxh5 23. Rg5 Rg8 24. Qxf5 Ref8 25. Qxh7+ 1-0

[Event "Pinamar IRT Orosco"]
[Site "Pinamar"]
[Date "2005.03.18"]
[Round "11"]
[White "Romero, Fabian"]
[Black "Tumini, Leandro"]
[Result "1/2-1/2"]
[WhiteElo "2022"]
[BlackElo "2142"]
[PlyCount "27"]
[EventDate "2005.03.08"]
[EventType "tourn"]
[EventRounds "11"]
[EventCountry "ARG"]
[SourceTitle "CBM 105 Extra"]
[Source "ChessBase"]
[SourceDate "2005.05.01"]
[SourceVersion "1"]
[SourceVersionDate "2005.05.01"]
[SourceQuality "1"]

1. c4 d6 2. g3 g6 3. Bg2 Bg7 4. Nf3 Nf6 5. d4 0-0 6. Nc3 Nbd7 7. 0-0 c6 8. Re1 e5 9. dxe5 dxe5 10. e4 Qc7 11. Bg5 a5 12. Qa4 Nc5 13. Qc2 Ne6 14. Be3 1/2-1/2

[Event "Pinamar IRT Orosco"]
[Site "Pinamar"]
[Date "2005.03.14"]
[Round "7"]
[White "Ferrufino, Boris"]
[Black "Tumini, Leandro"]
[Result "1-0"]
[WhiteElo "2225"]
[BlackElo "2142"]
[PlyCount "127"]
[EventDate "2005.03.08"]
[EventType "tourn"]
[EventRounds "11"]
[EventCountry "ARG"]
[SourceTitle "CBM 105 Extra"]
[Source "ChessBase"]
[SourceDate "2005.05.01"]
[SourceVersion "1"]
[SourceVersionDate "2005.05.01"]
[SourceQuality "1"]

1. d4 d5 2. Nf3 Nf6 3. e3 Bf5 4. Bd3 Bxd3 5. Qxd3 c6 6. Nbd2 Nbd7 7. 0-0 e6 8. e4 dxe4 9. Nxe4 Nxe4 10. Qxe4 Be7 11. c4 Nf6 12. Qe2 0-0 13. Bd2 Qc7 14. Bc3 Qf4 15. Rfe1 Rad8 16. Rad1 Bd6 17. Rd3 c5 18. g3 Qf5 19. Red1 Be7 20. d5 Ne4 21. Be5 Ng5 22. Nh4 Nh3+ 23. Kg2 Bxh4 24. gxh4 Nf4+ 25. Bxf4 Qxf4 26. dxe6 Rxd3 27. Rxd3 fxe6 28. Qxe6+ Kh8 29. f3 Qxh4 30. Qd6 Re8 31. Rd2 Qg5+ 32. Kf1 h6 33. Qd3 Qh4 34. Re2 Rd8 35. Qe4 Qg5 36. Kf2 h5 37. Qe7 Qxe7 38. Rxe7 Rd2+ 39. Re2 Rxe2+ 40. Kxe2 g5 41. Ke3 Kg7 42. Ke4 Kf6 43. Kd5 Kf5 44. Kxc5 Kf4 45. Kd6 Kxf3 46. c5 g4 47. Kc7 h4 48. Kxb7 g3 49. hxg3 hxg3 50. c6 g2 51. c7 g1Q 52. c8Q Ke4 53. Qe6+ Kd3 54. Qd6+ Ke4 55. b4 Qg7+ 56. Ka6 Qf7 57. Qc6+ Ke3 58. a4 Kf2 59. a5 Kf1 60. b5 Qe7 61. Qb7 Qc5 62. Qxa7 Qc4 63. Qb7 Qe6+ 64. Qc6 1-0

[Event "Pinamar IRT Orosco"]
[Site "Pinamar"]
[Date "2005.03.12"]
[Round "5"]
[White "Lopez Gonzalez, Daniel"]
[Black "Tumini, Leandro"]
[Result "1/2-1/2"]
[WhiteElo "2128"]
[BlackElo "2142"]
[PlyCount "107"]
[EventDate "2005.03.08"]
[EventType "tourn"]
[EventRounds "11"]
[EventCountry "ARG"]
[SourceTitle "CBM 105 Extra"]
[Source "ChessBase"]
[SourceDate "2005.05.01"]
[SourceVersion "1"]
[SourceVersionDate "2005.05.01"]
[SourceQuality "1"]

1. Nf3 d5 2. d4 Nf6 3. c4 c6 4. e3 Bf5 5. Nc3 e6 6. Nh4 Bg6 7. Nxg6 hxg6 8. Qc2 Nbd7 9. Bd2 Bb4 10. Bd3 Rc8 11. e4 dxe4 12. Nxe4 Bxd2+ 13. Qxd2 Nxe4 14. Bxe4 Nf6 15. Bf3 Qb6 16. Rd1 0-0 17. 0-0 Rfd8 18. Qc3 Rd7 19. Rd2 Rcd8 20. Rfd1 Qa6 21. b3 Qa3 22. g3 a5 23. Kg2 Qb4 24. Qe3 a4 25. Rd3 Qa5 26. R1d2 Qf5 27. h3 Qa5 28. Qe2 Re8 29. Re3 Red8 30. Red3 Qb6 31. Qd1 axb3 32. axb3 Qb4 33. Qe2 Rd6 34. Qe3 b5 35. Rc2 c5 36. d5 exd5 37. cxd5 Nxd5 38. Bxd5 Rxd5 39. Rdc3 Rc8 40. Qe7 Qd4 41. Qb7 Rcd8 42. Rf3 Rf5 43. Rxf5 gxf5 44. Re2 b4 45. Qe7 Qd5+ 46. Kh2 Ra8 47. Re5 Qxb3 48. Qxc5 g6 49. Qd4 Qf3 50. Rb5 b3 51. Qb2 f4 52. Rxb3 fxg3+ 53. fxg3 Qf1 54. Rb8+ 1/2-1/2